[Event "Olympiad Women 2024"]
[Site "Budapest HUN"]
[Date "2024.09.15"]
[Round "5.46"]
[Board "2"]
[White "Raymundo, Deycy Daniela"]
[Black "Shohradova, Leyla"]
[Result "0-1"]
[WhiteElo "1728"]
[BlackElo "1873"]
[PlyCount "90"]
[EventDate "2024.09.11"]
[WhiteTeam "Guatemala"]
[BlackTeam "Turkmenistan"]
[WhiteTeamCountry "GUA"]
[BlackTeamCountry "TKM"]

1. e4 e6 2. d4 d5 3. exd5 exd5 4. Bd3 Bd6 5. h3 h6 ({RR} 5... c6 6. Nf3 Ne7 7. O-O Bf5 8. Nc3 O-O 9. Re1 Bxd3 {½-½ Janev,E (2498)-Georgiev,V (2560) Montecatini Terme-A 2002 (1)}) 6. Nf3 Ne7 ({RR} 6... Nf6 7. c3 c6 8. Be3 Be6 9. Nbd2 Nbd7 10. Qc2 Qc7 11. O-O O-O 12. c4 dxc4 13. Nxc4 Bf4 14. Bxf4 Qxf4 15. Rfe1 Bxh3 16. gxh3 Qxf3 17. Re3 Qf4 18. Qd2 Nd5 19. Rg3 Qxd2 20. Nxd2 N7f6 21. Kh2 {1-0 Lucio Pinzon,S (1579)-Pena Nieto,A (1908) 17th American Cont Rapid 2024 (8.113)}) 7. Nc3 $146 ({RR} 7. O-O O-O 8. c3 Ng6 9. Re1 Nc6 10. Nbd2 Nce7 11. Nf1 b6 12. Ne5 c5 13. Nxg6 Nxg6 14. Be2 Bb7 15. dxc5 bxc5 16. Bf3 Bc7 17. Ne3 Re8 18. c4 Qd6 19. g3 Rad8 20. Bxd5 Bxd5 21. Nxd5 Rxe1+ {1-0 Cibulskyte,S (1085)-Mikulinaite,M (1136) Plunge op-B 41st 2022 (7)}) ({RR} 7. O-O O-O 8. c4 c6 9. Nc3 dxc4 10. Bxc4 Bf5 11. Bd3 Bxd3 12. Qxd3 Ng6 13. Ne2 Na6 14. a3 Nc7 15. Be3 Nd5 16. Nc3 Bc7 17. Qf5 Qf6 18. Qxf6 Nxf6 19. Rad1 Rad8 20. Rfe1 Rfe8 21. g3 Nd5 {½-½ Tran,K (2323)-Le,H (2314) VIE-ch U13 Ho Chi Minh City 2022 (4)}) 7... c6 8. Qe2 Qc7 9. O-O O-O 10. Nd1 Nd7 11. Ne3 Nf6 12. Nh4 Bf4 13. Nef5 Nxf5 14. Nxf5 Bxf5 15. Bxf5 Bxc1 16. Raxc1 Rae8 17. Qd2 Re7 18. Rfe1 Rfe8 19. Qb4 Qf4 20. Bd3 c5 21. Qc3 cxd4 22. Qb4 a5 23. Qxa5 Ne4 24. f3 Nf6 25. Rcd1 Re3 26. Qb4 Qg3 27. Rxe3 dxe3 28. Qe1 Qe5 29. c3 Nh5 30. Be2 Re6 31. Rd4 Nf4 32. Kh1 Rg6 33. g4 Nxh3 34. Qh4 Nf4 35. Qh2 Rf6 36. a4 h5 37. gxh5 Rf5 38. Kg1 Nxe2+ 39. Qxe2 Rxh5 40. Rg4 Qe6 41. Rg3 Qf5 42. Kg2 Qh7 43. Qxe3 Rh2+ 44. Kg1 Rh1+ 45. Kf2 Qc2+ 0-1

[Event "Olympiad Women 2024"]
[Site "Budapest HUN"]
[Date "2024.09.15"]
[Round "5.46"]
[Board "3"]
[White "Rejepova, Jahan"]
[Black "Santiago Sontay, Jenny Fernanda"]
[Result "1-0"]
[WhiteElo "1915"]
[BlackElo "1773"]
[PlyCount "101"]
[EventDate "2024.09.11"]
[WhiteTeam "Turkmenistan"]
[BlackTeam "Guatemala"]
[WhiteTeamCountry "TKM"]
[BlackTeamCountry "GUA"]

1. d4 d5 2. c4 e6 3. Nc3 Nf6 4. cxd5 exd5 5. Bg5 Be7 6. e3 Bf5 7. Qb3 Qc8 8. Bxf6 Bxf6 9. Nxd5 Bd8 10. Nc3 O-O 11. Nf3 Nd7 12. Be2 c6 13. O-O h6 $146 ({RR} 13... Nb6 14. Rac1 Bc7 15. e4 Bg4 16. d5 Bf4 17. Rc2 c5 18. Nd2 Bd6 19. f4 Rd8 20. Nc4 Nxc4 21. Qxc4 Bd7 22. a4 a6 23. e5 Bf8 24. Bd3 g6 25. Ne4 b5 26. Qa2 Bf5 27. Rd2 Kg7 28. Ng3 {1-0 Krajewski,R-Rzezniczek,M POL-chT Region 1999}) 14. Rac1 Nb6 15. Qd1 Bc7 16. e4 Bh7 17. Qd2 Qe6 18. Bd3 Rad8 19. Rfe1 Qg4 20. h3 Qh5 21. Ne2 Qg6 22. Nf4 Qf6 23. e5 Qe7 24. Bxh7+ Kxh7 25. Qc2+ Kg8 26. Nd3 Nd5 27. Nc5 Bb6 28. Ne4 Nb4 29. Qc4 Nd5 30. Nd6 Nf4 31. Qc2 Ne6 32. Qe4 Ng5 33. Nxg5 Qxg5 34. f4 Qe7 35. Kh1 Ba5 36. Re2 Bb4 37. Nf5 Qe6 38. a3 Ba5 39. Nd6 Qb3 40. f5 Bc7 41. Rc3 Qb6 42. f6 Bxd6 43. Rg3 g5 44. Qh4 Kh7 45. Rxg5 Rg8 46. Rxg8 Rxg8 47. exd6 Qb3 48. Qe4+ Kh8 49. d7 Qd1+ 50. Kh2 Qb3 51. Qe3 1-0

[Event "Olympiad Women 2024"]
[Site "Budapest HUN"]
[Date "2024.09.15"]
[Round "5.46"]
[Board "4"]
[White "Mazariegos, Silvia Carolina"]
[Black "Arazmedova, Enesh"]
[Result "0-1"]
[WhiteElo "1878"]
[BlackElo "1761"]
[PlyCount "86"]
[EventDate "2024.09.11"]
[WhiteTeam "Guatemala"]
[BlackTeam "Turkmenistan"]
[WhiteTeamCountry "GUA"]
[BlackTeamCountry "TKM"]

1. d4 Nf6 2. Nc3 d5 3. Bf4 c5 4. e3 g6 5. Nf3 Bg7 6. Be2 O-O 7. O-O cxd4 8. exd4 Nc6 ({RR} 8... Bg4 9. h3 Bxf3 10. Bxf3 Nc6 11. Ne2 b5 12. c3 e6 13. a3 a5 14. Nc1 b4 15. a4 Ne4 16. Bxe4 dxe4 17. Nb3 e5 18. dxe5 bxc3 19. bxc3 Nxe5 20. Bxe5 Bxe5 21. Rc1 Qg5 22. Qe2 e3 23. fxe3 {½-½ Carlsen,M (2837)-Ding,L (2774) Saint Louis Carlsen-Ding Showdown G05 blitz 2017 (5)}) 9. Re1 ({RR} 9. Rb1 Bf5 10. a3 Ne4 11. Bg3 Rc8 12. Be5 Nxe5 13. dxe5 Rxc3 14. bxc3 Nxc3 15. Qd2 Nxb1 16. Rxb1 Qd7 17. Rd1 Rd8 18. Bd3 Bg4 19. Be2 Qc7 20. c4 d4 21. h3 Bxf3 22. Bxf3 Bxe5 23. Qd3 b6 {0-1 Leung,H (1619)-Bai,J (2549) Asian Rapid Teams 2024 (1.14)}) 9... Ne4 10. Nb5 Bf5 11. c3 $146 ({RR} 11. c4 dxc4 12. Bxc4 a6 13. Nc3 Nxc3 14. bxc3 Rc8 15. Rc1 Na5 16. Bf1 Be6 17. Qd2 Nc4 18. Bxc4 Rxc4 19. Bh6 Ra4 20. Bxg7 Kxg7 21. Rxe6 fxe6 22. Ng5 Qd5 23. Qe3 Rf6 24. Re1 Rxa2 25. f3 Rb2 {0-1 Zivkovic,M (2275)-Lazov,T (2292) SRB-chT2 East 2018 (1.6)}) ({RR} 11. c4 dxc4 12. Bxc4 Rc8 13. g4 a6 14. gxf5 axb5 15. fxg6 hxg6 16. Bxb5 Nxf2 17. Kxf2 Nxd4 18. Nxd4 Bxd4+ 19. Be3 Bxe3+ 20. Rxe3 Qb6 21. Qe2 Rc5 22. a4 Rfc8 23. Bd3 Re5 24. Re1 Rxe3 25. Qxe3 Qxb2+ {1-0 Barva,A (2338)-Varadi,V (2236) Zuzmara op Aggtelek 2000 (3.5)}) 11... a6 12. Na3 Rc8 13. Nc2 Qb6 14. Rb1 e5 15. Be3 Qa5 16. Ra1 Rfd8 17. dxe5 Nxe5 18. Nxe5 Bxe5 19. Nd4 Bd7 20. Nf3 Bg7 21. Bd4 Nf6 22. Bd3 b5 23. Re7 Be6 24. Ng5 Re8 25. Rxe8+ Rxe8 26. Qf3 Qd8 27. h3 Bc8 28. Qd1 Ne4 29. Nf3 f6 30. Qc2 Qc7 31. Re1 Bb7 32. Nd2 f5 33. Bxg7 Kxg7 34. Nb3 Rc8 35. Qe2 Qb6 36. Nd4 b4 37. Qe3 Qf6 38. f3 bxc3 39. fxe4 dxe4 40. Bb1 f4 41. Qe2 Qxd4+ 42. Kh1 cxb2 43. Rd1 Rc1 0-1

[Event "Olympiad Women 2024"]
[Site "Budapest HUN"]
[Date "2024.09.15"]
[Round "5.47"]
[Board "1"]
[White "Chuemsakul, Sarocha"]
[Black "Zhang, Jasmine Haomo"]
[Result "1-0"]
[WhiteElo "1906"]
[BlackElo "1956"]
[PlyCount "115"]
[EventDate "2024.09.11"]
[WhiteTeam "Thailand"]
[BlackTeam "New Zealand"]
[WhiteTeamCountry "THA"]
[BlackTeamCountry "NZL"]

1. d4 d5 2. c4 e6 3. Nc3 Be7 4. Nf3 Nf6 5. Bg5 Nbd7 6. e3 c6 7. cxd5 exd5 8. Bd3 O-O 9. Qc2 Re8 10. O-O Nf8 11. Rab1 a5 12. a3 Ne4 13. Bxe7 Qxe7 14. b4 axb4 15. axb4 Ra3 ({RR} 15... Bg4 16. Ne5 Bf5 17. Nxe4 dxe4 18. Bc4 Be6 19. Bxe6 Qxe6 20. b5 f6 21. Nc4 cxb5 22. Nd2 Ra2 23. Rb2 Rc8 24. Rxa2 Rxc2 25. Rxc2 f5 26. g3 Qd5 27. Ra1 Ne6 28. Rb2 Kf7 29. Rab1 Nc7 30. Rc1 {1-0 Akobian,V (2571)-George Micheal,K (2261) Titled Tue 23rd Jan Early 2024 (5)}) 16. Bxe4 dxe4 17. Ne5 Ng6 18. Nc4 $146 ({RR} 18. Nxg6 hxg6 19. Qb2 Ra8 20. Ra1 Bg4 21. h3 Bf5 22. Rfc1 g5 23. Ne2 Be6 24. b5 Rxa1 25. Rxa1 {½-½ Krueger,G-Schriewer,T Ruhrgebiet VK3 9697 1996}) 18... Ra7 19. b5 Nh4 20. Kh1 Be6 21. Nd2 f5 22. bxc6 bxc6 23. Rb6 Qc7 24. Rfb1 Ng6 25. Na4 Bd5 26. Nc3 Be6 27. Qb2 Rea8 28. Qb4 Ne7 29. g3 Kf7 30. Nb3 Nc8 31. d5 Bxd5 32. Nxd5 cxd5 33. Rb5 Ne7 34. Rc1 Qe5 35. Na5 Rc7 36. Nc4 Rxc4 37. Qxc4 Rc8 38. Qf1 Rd8 39. Qe1 Qe6 40. Qa5 Rd6 41. Rb7 Rc6 42. Rxc6 Qxc6 43. Qb4 Qf6 44. Qc5 Qe5 45. Kg2 g5 46. Qc7 Qxc7 47. Rxc7 f4 48. gxf4 gxf4 49. Kh3 fxe3 50. fxe3 Ke6 51. Kg3 h6 52. Ra7 Kd6 53. Ra6+ Nc6 54. Kf4 Kc5 55. Ra8 Nb4 56. Rc8+ Kd6 57. Rh8 Nd3+ 58. Kf5 1-0

[Event "Olympiad Women 2024"]
[Site "Budapest HUN"]
[Date "2024.09.15"]
[Round "5.47"]
[Board "2"]
[White "Ning, Isabelle Yixuan"]
[Black "Prommuang, Araya"]
[Result "1/2-1/2"]
[WhiteElo "1915"]
[BlackElo "1753"]
[PlyCount "81"]
[EventDate "2024.09.11"]
[WhiteTeam "New Zealand"]
[BlackTeam "Thailand"]
[WhiteTeamCountry "NZL"]
[BlackTeamCountry "THA"]

1. d4 d5 2. c4 e6 3. Nc3 c6 4. e3 Bd6 5. Nf3 f5 6. Bd3 Nf6 7. O-O Ne4 ({RR} 7... Nbd7 8. c5 Bc7 9. b4 b6 10. a4 O-O 11. b5 Bb7 12. bxc6 Bxc6 13. Ba3 bxc5 14. dxc5 Ne5 15. Bb5 Qd7 16. Nd4 Ne4 17. Nxe4 fxe4 18. Bb2 Bxb5 19. axb5 Nc4 20. Bc3 Rfd8 21. Ra6 e5 22. Nc6 {1-0 Zhu,L (2129)-Jahnz,L (2086) Titled Tue 6th Aug Late 2024 (4)}) 8. Ne5 ({RR} 8. Ne2 Nd7 9. b3 O-O 10. Bb2 Qe7 11. Ne5 Nxe5 12. dxe5 Bc7 13. Nf4 Ng5 14. Nh5 Bd7 15. f4 Ne4 16. Bxe4 dxe4 17. Qe2 Rfd8 18. Rad1 Be8 19. Ng3 g5 20. Qf2 gxf4 21. Qxf4 Qg7 22. h4 c5 {0-1 Pakleza,Z (2508)-Krasenkow,M (2630) Bundesliga 1819 2018 (12.2)}) 8... Qf6 9. f4 Nd7 10. Qb3 $146 ({RR} 10. Nxe4 fxe4 11. Be2 g6 12. Bd2 O-O 13. Qe1 Qe7 14. Qg3 Nf6 15. c5 Bc7 16. b4 Bd7 17. a4 Ne8 18. Bg4 Ng7 19. Be2 Nf5 20. Qh3 Bxe5 21. fxe5 Ng7 22. g4 {½-½ Bueckers,B (1727)-Hanewinkel,M (1847) Muensterland Verbandsklasse-B 0910 2009 (3.3)}) 10... Bxe5 11. fxe5 Qe7 12. cxd5 exd5 13. Nxe4 dxe4 14. Be2 Nb6 15. Bd2 Be6 16. Qc2 O-O 17. b4 g5 18. a4 Rac8 19. a5 Nd5 20. Bc4 Nc7 21. Rac1 Bd5 22. Qb3 Qd7 23. Bxd5+ Nxd5 24. a6 Kh8 25. axb7 Qxb7 26. Rc5 f4 27. Rfc1 f3 28. gxf3 exf3 29. Be1 Qf7 30. R5c2 Qf5 31. b5 Qg4+ 32. Bg3 h5 33. bxc6 h4 34. Qxd5 hxg3 35. hxg3 Qxg3+ 36. Kf1 Qh3+ 37. Kg1 Qg3+ 38. Kf1 Qh3+ 39. Kg1 Qg3+ 40. Kf1 Qh3+ 41. Kg1 1/2-1/2

[Event "Olympiad Women 2024"]
[Site "Budapest HUN"]
[Date "2024.09.15"]
[Round "5.47"]
[Board "3"]
[White "Mekarapiruk, Nathasha"]
[Black "Chang, Yolanda"]
[Result "1/2-1/2"]
[WhiteElo "1728"]
[BlackElo "1908"]
[PlyCount "96"]
[EventDate "2024.09.11"]
[WhiteTeam "Thailand"]
[BlackTeam "New Zealand"]
[WhiteTeamCountry "THA"]
[BlackTeamCountry "NZL"]

1. e4 c5 2. Nf3 Nc6 3. d4 cxd4 4. Nxd4 Nf6 5. Nc3 e5 6. Ndb5 d6 7. Bg5 a6 8. Na3 b5 9. Nd5 Be7 10. Bxf6 Bxf6 11. c4 b4 12. Nc2 O-O 13. g3 a5 14. Bg2 Rb8 ({RR} 14... Bg5 15. O-O Be6 16. Qd3 Bxd5 17. cxd5 Nb8 18. h4 Bh6 19. a3 Na6 20. axb4 Nxb4 21. Nxb4 axb4 22. Ra6 Rxa6 23. Qxa6 Qb8 24. Bh3 b3 25. Qc4 Bd2 26. Rd1 Bb4 27. Rd3 Bc5 28. Rxb3 Qa7 29. Qe2 {½-½ Balogh,C (2659)-Safarli,E (2657) FIDE World Cup 2015 (1.2)}) 15. Qd3 ({RR} 15. b3 Be6 16. O-O Rc8 17. Nce3 Bg5 18. Qd3 Bxe3 19. Nxe3 Qb6 20. f4 f6 21. Kh1 Rfd8 22. f5 Bf7 23. g4 a4 24. Nc2 Ra8 25. Qg3 Nd4 26. Nxd4 Qxd4 27. Rad1 Qc5 28. g5 Kf8 29. Qh4 axb3 {1-0 Uzdemir,A (2008)-Kolodziejczyk,B (1983) 32nd EY Open U10 2024 (6.1)}) 15... Bg5 16. O-O Qd7 $146 ({RR} 16... a4 17. b3 axb3 18. axb3 Be6 19. Ra4 Bd7 20. h4 Bh6 21. Rfa1 f5 22. exf5 Bxf5 23. Be4 Bxe4 24. Qxe4 Bd2 25. Rd1 Bh6 26. Ndxb4 Nxb4 27. Nxb4 Qb6 28. Nd3 Qxb3 29. Rda1 Bd2 30. Kg2 Bc3 31. Qd5+ {1-0 Veiga,E (2106)-Hamedi Nia,V (1980) Titled Tuesday intern op 22nd Dec blitz 2020 (6)}) 17. Nce3 Bxe3 18. Nxe3 Nd4 19. b3 Kh8 20. Rad1 Rd8 21. Rd2 Qe7 22. Rfd1 h5 23. Nc2 Ne6 24. Qe2 g6 25. Rd5 Nc5 26. Qd2 Be6 27. Rxd6 Rxd6 28. Qxd6 Qxd6 29. Rxd6 a4 30. bxa4 Nxa4 31. Ra6 Nc3 32. Ne3 Rc8 33. a3 Bxc4 34. Nxc4 Rxc4 35. axb4 Rxb4 36. f3 Ne2+ 37. Kf1 Nd4 38. f4 exf4 39. gxf4 Ne6 40. f5 gxf5 41. exf5 Rf4+ 42. Kg1 Rxf5 43. Ra3 Rg5 44. Rg3 Kg7 45. Rxg5+ Nxg5 46. Kf2 Kg6 47. Kg3 f5 48. Bc6 Ne4+ 1/2-1/2

[Event "Olympiad Women 2024"]
[Site "Budapest HUN"]
[Date "2024.09.15"]
[Round "5.47"]
[Board "4"]
[White "Braganza, Nadia"]
[Black "Tawankanjana, Sasinat"]
[Result "1-0"]
[WhiteElo "1892"]
[BlackElo "1612"]
[PlyCount "47"]
[EventDate "2024.09.11"]
[WhiteTeam "New Zealand"]
[BlackTeam "Thailand"]
[WhiteTeamCountry "NZL"]
[BlackTeamCountry "THA"]

1. c4 e6 2. g3 Nf6 3. Bg2 d5 4. Nf3 Be7 5. O-O O-O 6. b3 c5 7. cxd5 Nxd5 8. Bb2 Nc6 9. d4 Bf6 10. e4 Nc7 11. e5 Be7 12. Nc3 ({RR} 12. dxc5 Bxc5 13. Qc1 Bb6 14. Ba3 Re8 15. Rd1 Nd5 16. Nc3 Bd7 17. Nxd5 exd5 18. Rxd5 Qc8 19. Qf4 Be6 20. Rd2 h6 21. Rc1 a5 22. Bc5 Nb4 23. Qe3 Bxc5 24. Rxc5 Qb8 25. Nd4 Ra6 26. Nb5 Bf5 {1-0 Keleberda,T (2227)-Guimaraes,W (2136) Titled Tue 23rd Jan Late 2024 (3)}) 12... b6 13. dxc5 Bxc5 14. Nd2 $146 ({RR} 14. Ne4 Nd5 15. Nxc5 bxc5 16. Qc2 Ba6 17. Rfd1 Rc8 18. a3 Nd4 19. Nxd4 cxd4 20. Qe4 d3 21. Qa4 Qb6 22. Bd4 Qb7 23. b4 Rc2 24. Qa5 Bc4 25. Rdc1 a6 26. Be4 Rxc1+ 27. Rxc1 Qb5 28. Qxb5 axb5 {1-0 Vorobyov,Y (2241)-Jedlicka,A (2215) Hradec Kralove op 2012 (7)}) ({RR} 14. Qc1 Nb4 15. Rd1 Nbd5 16. Ne4 Be7 17. Nd4 Bd7 18. Nc6 Bxc6 19. Qxc6 Qe8 20. Qc1 Qd7 21. Nf6+ Bxf6 22. exf6 g6 23. Qh6 Ne8 24. Bxd5 {1-0 Hamburger,D-Teschner,R Berlin-ch 1947 (10)}) 14... Bb7 15. Nc4 Rb8 16. Nd6 Bxd6 17. exd6 Ne8 18. d7 Nf6 19. Ba3 Ne7 20. Qd6 Bxg2 21. Kxg2 Ng6 22. Qd3 Ne7 23. Rfd1 Rb7 24. Bxe7 1-0

[Event "Olympiad Women 2024"]
[Site "Budapest HUN"]
[Date "2024.09.15"]
[Round "5.48"]
[Board "1"]
[White "Miladi, Amen"]
[Black "Paulo, Jemima"]
[Result "1-0"]
[WhiteElo "1851"]
[BlackElo "2037"]
[PlyCount "85"]
[EventDate "2024.09.11"]
[WhiteTeam "Tunisia"]
[BlackTeam "Angola"]
[WhiteTeamCountry "TUN"]
[BlackTeamCountry "ANG"]

1. e4 c5 2. Nf3 g6 3. d4 cxd4 4. Nxd4 Bg7 5. Nc3 Nc6 6. Be3 Nf6 7. Nxc6 bxc6 8. e5 Ng8 9. Bd4 Nh6 10. e6 O-O 11. Bxg7 Kxg7 12. Qd4+ f6 13. exd7 Nf5 $146 ({RR} 13... Qxd7 14. Qxd7 Bxd7 15. O-O-O Rfd8 16. Ba6 Rab8 17. Rhe1 Kf8 18. Na4 Nf5 19. Nc5 Nd6 20. a3 Kf7 21. b4 Bf5 22. Kb2 h5 23. Nb3 e5 24. Na5 Rb6 25. Nc4 Nxc4+ 26. Bxc4+ Ke7 27. Rxd8 Kxd8 28. Kc3 {½-½ Abdurakhmanov,M (2249)-Xiong,J (2710) Titled Tuesday intern op 31st Aug blitz 2021 (6)}) ({RR} 13... Qxd7 14. Qxd7 Bxd7 15. O-O-O Rfd8 16. Ba6 Ng4 17. Rhe1 Kf8 18. f3 Ne5 19. Ne4 Bf5 20. Nc5 g5 21. b4 h5 22. Rxd8+ Rxd8 23. Re3 h4 24. Be2 Rd4 25. a3 g4 26. fxg4 Nxg4 27. Bxg4 Rxg4 28. g3 {1-0 Sindarov,J (2609)-Salem,A (2690) Sharjah Ramadan Stars rapid 2022 (4)}) ({RR} 13... Qxd7 14. Qxd7 Bxd7 15. O-O-O Rfd8 16. Bc4 Ng4 17. Rd2 Bf5 18. Re2 Ne5 19. Bb3 g5 20. Ne4 Bxe4 21. Rxe4 Rd6 22. g3 g4 23. Ba4 Rad8 24. h3 h5 25. hxg4 hxg4 26. Bb3 Rd4 27. Rxd4 Rxd4 28. Rd1 {1-0 Jaramillo Daza,D (1773)-Jimenez Garcia,E (2387) 17th American Cont Blitz 2024 (1.12)}) ({RR} 13... Bxd7 14. O-O-O Bg4 15. f3 Qxd4 16. Rxd4 Bc8 17. Rc4 Bd7 18. Ne4 Nf5 19. Nc5 Bc8 20. Ra4 e5 21. Ba6 Ne3 22. Bxc8 Rfxc8 23. g3 Kf7 24. Re1 Nd5 25. Rh4 h5 26. Rhe4 Re8 27. Nb7 Re7 28. Na5 {½-½ Platz,H-Koch,B DDR-ch05 Final (DSV) 1954 (6)}) 14. dxc8=Q Qxd4 15. Qe6 Rab8 16. Rd1 Qc5 17. Qc4 Qe5+ 18. Qe4 Qa5 19. Qa4 Qe5+ 20. Be2 Rxb2 21. Rd3 Rfb8 22. O-O R8b4 23. Qa3 a5 24. Bd1 Nd6 25. Re3 Qg5 26. Na4 Nc4 27. Rxe7+ Kf8 28. Qd3 Kxe7 29. Re1+ Ne5 30. Nxb2 Rxb2 31. Qa3+ Rb4 32. Qxa5 Qd2 33. Qa7+ Kf8 34. Qc5+ Kg7 35. Qe7+ Kh6 36. Rf1 Nd7 37. Bf3 Rc4 38. Rd1 Qxc2 39. Qxd7 Qxa2 40. g3 Rc2 41. Qh3+ Kg7 42. Rd7+ Kf8 43. Qxh7 1-0

[Event "Olympiad Women 2024"]
[Site "Budapest HUN"]
[Date "2024.09.15"]
[Round "5.48"]
[Board "2"]
[White "Caxita, Esperanca"]
[Black "Mefteh, Meyssem"]
[Result "1-0"]
[WhiteElo "1932"]
[BlackElo "1834"]
[PlyCount "145"]
[EventDate "2024.09.11"]
[WhiteTeam "Angola"]
[BlackTeam "Tunisia"]
[WhiteTeamCountry "ANG"]
[BlackTeamCountry "TUN"]

1. e4 c5 2. Nc3 a6 3. Nf3 e6 4. g3 b5 5. Bg2 Bb7 6. d3 b4 7. Nb1 ({RR} 7. Ne2 d5 8. exd5 exd5 9. O-O Be7 10. d4 Nf6 11. Bg5 h6 12. Bxf6 Bxf6 13. dxc5 O-O 14. Nfd4 Qc7 15. Nf4 Rd8 16. Nh5 Be5 17. f4 Bxd4+ 18. Qxd4 f6 19. Qxb4 Nd7 20. Rae1 Nxc5 21. f5 Ne4 {1-0 Safarli,E (2598)-Krysa,L (2527) Titled Tuesday intern op 02nd Mar blitz 2021 (3)}) 7... d5 8. exd5 ({RR} 8. Nbd2 Nf6 9. O-O dxe4 10. Ng5 Nc6 11. Ngxe4 Be7 12. a4 O-O 13. Nc4 Rb8 14. a5 Nxe4 15. Bxe4 Nd4 16. Bxb7 Rxb7 17. Be3 Bf6 18. Bxd4 Bxd4 19. Qe2 Qf6 20. Rab1 Rd8 21. Kg2 Rbd7 22. Qf3 Qg6 {1-0 Mortazavi,A (2333)-Erece,E (1767) Titled Tue 28th Feb Early 2023 (2)}) 8... exd5 $146 ({RR} 8... Bxd5 9. Bf4 Nf6 10. Nbd2 Bd6 11. Bxd6 Qxd6 12. Nc4 Qc7 13. O-O O-O 14. Qe2 Nbd7 15. a3 a5 16. Nfe5 Nxe5 17. Nxe5 Qb6 18. Nc4 Qc7 19. Qe5 Qc6 20. Ne3 Bxg2 21. Nxg2 Nd5 22. Ne3 Nxe3 23. fxe3 {0-1 Thybo,T (1831)-Kramer,J (2312) Politiken Cup 37th 2015 (4)}) ({RR} 8... Bxd5 9. b3 Nf6 10. Bb2 Be7 11. Nbd2 O-O 12. Qe2 Nc6 13. O-O Rc8 14. Nc4 Nd7 15. Nfe5 Bxg2 16. Kxg2 Ndxe5 17. Nxe5 Qd5+ 18. f3 Nd4 19. Bxd4 Qxd4 20. a4 Rfd8 21. Rae1 Bf6 22. f4 g6 23. h4 {0-1 Ezquerro Luque,A (2096)-Barbero Sendic,A (2353) Catalunya-chT Gp2 2016 (5.4)}) 9. O-O Bd6 10. b3 Ne7 11. Bb2 O-O 12. Nbd2 Nd7 13. Nh4 Qc7 14. Qg4 Be5 15. Bxe5 Nxe5 16. Qf4 Rac8 17. Bh3 N5g6 18. Qg5 Rcd8 19. Rae1 h6 20. Qh5 Nxh4 21. Qxh4 Ng6 22. Qh5 Rde8 23. Bg2 Re5 24. Rxe5 Qxe5 25. Qxe5 Nxe5 26. Re1 Ng6 27. f4 Rd8 28. Kf2 Kf8 29. Nf1 Bc6 30. d4 cxd4 31. Rd1 Bb5 32. Rxd4 Rc8 33. Ne3 Ne7 34. Bxd5 Rd8 35. Rd1 Nxd5 36. Rxd5 Ra8 37. Rd4 a5 38. Rd6 g6 39. Ke1 Ke7 40. Rd4 Bc6 41. Kd2 h5 42. h4 Rc8 43. Nc4 Ra8 44. Ne5 Be8 45. c4 a4 46. Ke3 axb3 47. axb3 Ra3 48. Rd3 f6 49. Nf3 Bd7 50. Nd4 Ra1 51. Nc2 Rc1 52. Nxb4 Bf5 53. Nd5+ Kf7 54. Rc3 Rd1 55. b4 Be6 56. Nc7 Bc8 57. c5 Rd7 58. Nb5 Ba6 59. Nd6+ Ke6 60. b5 Rxd6 61. cxd6 Bxb5 62. Rb3 Bc4 63. Rb6 Bd5 64. Kd4 Ba8 65. d7+ Kxd7 66. Rxf6 Ke7 67. Rxg6 Kf7 68. Rh6 Bf3 69. f5 Bg4 70. Ke5 Kg7 71. Rg6+ Kh7 72. Rxg4 hxg4 73. Kf4 1-0

[Event "Olympiad Women 2024"]
[Site "Budapest HUN"]
[Date "2024.09.15"]
[Round "5.48"]
[Board "3"]
[White "Ben Amor, Meriem"]
[Black "Junior, Ednasia"]
[Result "1/2-1/2"]
[WhiteElo "1733"]
[BlackElo "1888"]
[PlyCount "58"]
[EventDate "2024.09.11"]
[WhiteTeam "Tunisia"]
[BlackTeam "Angola"]
[WhiteTeamCountry "TUN"]
[BlackTeamCountry "ANG"]

1. e4 c5 2. Nf3 e6 3. d4 cxd4 4. Nxd4 Nf6 5. Nc3 Nc6 6. Be3 Qc7 7. Qf3 a6 8. Qg3 ({RR} 8. O-O-O Bb4 9. Nxc6 Qxc6 10. Bd4 Bxc3 11. Bxc3 Qxe4 12. Qg3 Qg6 13. Qe5 O-O 14. Bd3 Qg4 15. f3 Qh5 16. Qg3 Ne8 17. f4 d6 18. Qf2 Bd7 19. g4 Qh3 20. Rhg1 Bc6 21. Rg3 Qh4 22. Re1 Bb5 {0-1 Vallejo Pons,F (2706)-Movsesian,S (2699) Wch Blitz 7th 2013 (28)}) ({RR} 8. O-O-O b5 9. e5 b4 10. Na4 Nd5 11. Nxc6 Qxc6 12. b3 Bb7 13. Bc4 Rc8 14. Rd2 Qc7 15. Qg3 Nc3 16. Nb6 Rd8 17. f4 Nxa2+ 18. Kb2 Nc3 19. f5 Ne4 20. Qf4 Nxd2 21. fxe6 dxe6 22. Bxd2 Qxb6 {0-1 Papp,B (2278)-Wanyama,H (2154) Titled Tue 9th Apr Late 2024 (11)}) 8... Qxg3 9. hxg3 Bb4 10. f3 $146 ({RR} 10. Nxc6 bxc6 11. f3 d5 12. e5 Nd7 13. f4 Rb8 14. Bd2 Nc5 15. b3 a5 16. Ne2 Bxd2+ 17. Kxd2 Ba6 18. Ke3 Bxe2 19. Bxe2 Rb4 20. Bf3 Ke7 21. c3 Rb6 22. Rab1 h6 23. g4 Rhb8 24. Rhc1 a4 {1-0 Gupta,S (2429)-Nagy,G (2495) Chess.com Bullet op2 blitz 2020 (10)}) 10... d5 11. g4 dxe4 12. Nxc6 bxc6 13. O-O-O Nd5 14. Bd4 f6 15. Nxe4 e5 16. Bf2 O-O 17. Nc5 Re8 18. Bc4 Bxc5 19. Bxc5 Be6 20. g3 g6 21. Rhe1 Nc7 22. Bxe6+ Nxe6 23. Be3 Rad8 24. c3 Kf7 25. Rh1 Kg8 26. Rhe1 Kf7 27. Rh1 Kg8 28. Rhe1 Kf7 29. Rh1 Kg8 1/2-1/2

[Event "Olympiad Women 2024"]
[Site "Budapest HUN"]
[Date "2024.09.15"]
[Round "5.48"]
[Board "4"]
[White "Pires, Luzia"]
[Black "Hasnaoui, Abrar"]
[Result "1-0"]
[WhiteElo "1877"]
[BlackElo "1595"]
[PlyCount "109"]
[EventDate "2024.09.11"]
[WhiteTeam "Angola"]
[BlackTeam "Tunisia"]
[WhiteTeamCountry "ANG"]
[BlackTeamCountry "TUN"]

1. d4 d5 2. Nf3 Nf6 3. e3 e6 4. Nbd2 Bd6 5. Bd3 O-O 6. b3 b6 ({RR} 6... c6 7. Bb2 Nbd7 8. Ne5 Bxe5 9. dxe5 Ne8 10. c4 f5 11. exf6 Nexf6 12. O-O e5 13. cxd5 cxd5 14. Bf5 Qe7 15. Rc1 Nb6 16. Bxc8 Raxc8 17. Nf3 Nfd7 18. Qe2 e4 19. Nd4 Ne5 20. f4 Nd3 21. Rxc8 {1-0 Mamedjarova,Z (2363)-Mamedjarova,T (2260) Wch Blitz (Women) 2017 (18)}) 7. Bb2 Bb7 8. c4 $146 ({RR} 8. O-O c5 9. c4 Nc6 10. Rc1 cxd4 11. Nxd4 Nxd4 12. Bxd4 Qe7 13. cxd5 e5 14. Bb2 Bxd5 15. e4 Bb7 16. Qe2 Rad8 17. Nc4 Bb8 18. Ba3 Qd7 19. Bxf8 Qxd3 20. Qxd3 Rxd3 21. f3 Kxf8 22. Rfd1 Rxd1+ {0-1 Chau Thi Yen,Q-Nguyen Thi My,D ASEAN-ch U12 Girls 10th 2009 (3)}) ({RR} 8. Ne5 Nbd7 9. Qf3 c5 10. Qh3 h6 11. Rd1 Qc7 12. f4 Ne4 13. Bxe4 dxe4 14. Nxd7 Qxd7 15. dxc5 Bxc5 16. Nxe4 Qe7 17. Nxc5 Qxc5 18. Qg3 f6 19. Qf2 Qa5+ 20. Qd2 Qxa2 21. Bd4 Rac8 22. Rc1 Rfd8 {0-1 Gongora Montes,B (2092)-Karthi,J (2075) 1000GM Spring Break 2 Gp2 2024 (1.5)}) ({RR} 8. O-O Ne4 9. c4 c5 10. Rc1 Nd7 11. Ne5 Nxd2 12. Qxd2 Nxe5 13. dxe5 Bc7 14. Qc2 Qh4 15. f4 dxc4 16. Qxc4 Rad8 17. Rcd1 Qg4 18. Qc2 Rxd3 19. Rxd3 Be4 20. Rfd1 b5 21. Qf2 Bxd3 22. Rxd3 Bb6 {0-1 Langmann,C (1851)-Sechting,M (2054) Lueneburg op-A 2016 (5)}) 8... Nbd7 9. Qc2 c5 10. h3 cxd4 11. exd4 e5 12. dxe5 Re8 13. O-O Bxe5 14. Nxe5 Nxe5 15. Bf5 dxc4 16. Nxc4 Qd5 17. Ne3 Qc6 18. Qxc6 Bxc6 19. Rac1 Bd7 20. Bb1 Bb5 21. Rfd1 Ned7 22. a4 Be2 23. Rd2 Bh5 24. b4 Rac8 25. Rxc8 Rxc8 26. Bf5 Kf8 27. Bxd7 Rd8 28. Bxf6 gxf6 29. Rd5 Ke7 30. Nf5+ Kf8 31. Bc6 Rc8 32. b5 Bg6 33. g4 Bxf5 34. gxf5 a6 35. Kg2 axb5 36. axb5 Kg7 37. Kf3 Rc7 38. Rd7 Rc8 39. Rb7 Rd8 40. Rxb6 Rd3+ 41. Kg2 Kf8 42. Rb7 Rc3 43. f3 Rc2+ 44. Kg3 Rc1 45. Be4 Rc8 46. b6 Ke8 47. Ra7 Kd8 48. b7 Rb8 49. Ra8 Kc7 50. Rxb8 Kxb8 51. Kh4 Kc7 52. Kh5 Kb8 53. Kh6 Kc7 54. Kxh7 Kb8 55. h4 1-0